000 00623nam a22002297a 4500
001 14408
003 BD-JhCC
005 20251009105738.0
008 251009b |||||||| |||| 00| 0 eng d
020 _a9780141398068
035 _a(BD-JhCC) 14408
040 _aBD-JhCC
_dBD-JhCC
041 _aeng
082 _223
_a823.92
_bKIP
100 _aKipling,Rudyard
245 _aThe Gate of the Hundred Sorrows /
_cRudyard Kipling
260 _aLondon:
_bPenguin Classics,
_c2015
300 _a51 p.;
_c16 cm.
_ePaper binding
490 _a Little black classics
650 _aIndia, Northwestern Fiction
942 _2ddc
_cBK
999 _c14408
_d14408